Calculs mental expert #2 - Statistiques

Statistiques générales
  • Ce quiz a été pris 30 fois
  • Le résultat moyen est 10 sur 13
Statistiques - réponses
Hint Réponse % Correct
21x12 252
100%
18x6 108
96%
19x13 247
96%
25x32 800
96%
7x14 98
96%
1634+727 2361
80%
273/7 39
72%
2859-1375 1484
68%
35x35 1225
64%
31x29 899
64%
172x6 1032
60%
2025/45 45
56%
26x37 962
36%
Aucun quiz correspondant
Distribution des résultats
% des personnes avec chaque résultat
Percentile par nombre de réponses
Votre historique - résultats
Vous n’avez pas pris ce quiz